Electrónica en sistemas de comunicación
সংরক্ষণ করুন:
| প্রধান লেখক: | |
|---|---|
| অন্যান্য লেখক: | |
| বিন্যাস: | অজ্ঞাত |
| ভাষা: | Spanish |
| প্রকাশিত: |
México : Limusa
1996
|
| বিষয়গুলি: | |
| ট্যাগগুলো: |
ট্যাগ যুক্ত করুন
কোনো ট্যাগ নেই, প্রথমজন হিসাবে ট্যাগ করুন!
|
MARC
| LEADER | 00000 a2200000 4500 | ||
|---|---|---|---|
| 003 | L000752 | ||
| 005 | 20221231143753.0 | ||
| 008 | 140114s1996 mx a 000 ||spa d | ||
| 040 | |c cru CEDI | ||
| 082 | |2 621.380.413 L299e | ||
| 100 | |a Lapatine, Sol. |9 19069 | ||
| 245 | |a Electrónica en sistemas de comunicación | ||
| 260 | |c 1996 |a México : Limusa | ||
| 300 | |a 379 páginas ilustraciones. 24 cm. | ||
| 500 | |a Traduccin̤ de : Electronics in communication | ||
| 650 | |x ELECTRONICA |x TELECOMUNICACION |9 19073 | ||
| 700 | |9 19071 |a Lemus, José Antonio |d Traductor | ||
| 942 | |2 ddc |c BK | ||
| 999 | |c 11592 |d 11592 | ||
